[Event "XXIV Open"]
[Site "Cappelle La Grande FRA"]
[Date "2008.02.16"]
[Round "1"]
[White "Brinck Claussen,B"]
[Black "Papin,V"]
[Result "0-1"]
[WhiteElo "2319"]
[BlackElo "2475"]
[EventDate "2008.02.16"]

1. e4 c5 2. Nf3 e6 3. d4 cxd4 4. Nxd4 a6 5. Bd3 Nf6 6. O-O d6 7. c4 b6 8.
Qe2 Bb7 9. b3 g6 10. Bb2 Bg7 11. f4 O-O 12. Nd2 Nh5 13. g3 Nd7 14. N2f3 Qc7
15. Rad1 e5 16. fxe5 dxe5 17. Nc2 f5 18. b4 Nhf6 19. Ng5 Rae8 20. Ne3 h6
21. Nh3 Bxe4 22. Bxe4 Nxe4 23. g4 fxg4 24. Qxg4 Ndf6 25. Qxg6 Kh8 26. Kh1
Rg8 27. Qf5 Nd6 28. Qc2 Nfe4 29. Rg1 Qc6 30. Rd5 Nf6 0-1

[Event "XXIV Open"]
[Site "Cappelle La Grande FRA"]
[Date "2008.02.16"]
[Round "1"]
[White "Hartikainen,M"]
[Black "Salgado Lopez,I"]
[Result "0-1"]
[WhiteElo "2304"]
[BlackElo "2459"]
[EventDate "2008.02.16"]

1. e4 c5 2. Nf3 d6 3. d4 cxd4 4. Nxd4 Nf6 5. Nc3 a6 6. Bg5 e6 7. f4 Be7 8.
Qf3 Qc7 9. O-O-O Nbd7 10. g4 h6 11. Qh3 Nb6 12. Bd3 Bd7 13. Bh4 O-O-O 14.
Bf2 h5 15. g5 Ng4 16. Bg1 d5 17. e5 f6 18. gxf6 gxf6 19. f5 fxe5 20. fxe6
Be8 21. Nf5 d4 22. Ne4 Bg6 23. Nxe7+ Qxe7 24. Qg3 Bxe4 25. Bxe4 Qxe6 26. h3
Nf6 27. Bd3 Rhg8 28. Qf2 e4 29. Re1 Qxa2 30. Qxf6 Qa1+ 31. Kd2 Qa5+ 32. Kd1
exd3 33. Bxd4 dxc2+ 34. Kxc2 Qa4+ 35. Kd3 Qc4+ 0-1

[Event "XXIV Open"]
[Site "Cappelle La Grande FRA"]
[Date "2008.02.16"]
[Round "1"]
[White "Tuncer,U"]
[Black "Klovans,J"]
[Result "1-0"]
[WhiteElo "2301"]
[BlackElo "2447"]
[EventDate "2008.02.16"]

1. e4 c5 2. Nf3 e6 3. Nc3 d6 4. Bb5+ Nd7 5. d4 a6 6. Bxd7+ Bxd7 7. O-O cxd4
8. Qxd4 Bc6 9. Re1 Ne7 10. Bg5 f6 11. Bh4 e5 12. Qd3 Qc7 13. Rad1 Rd8 14.
Qc4 b5 15. Qb3 Qb7 16. a3 Nc8 17. Nd5 Bxd5 18. exd5 Be7 19. c4 Na7 20. c5
dxc5 21. Nxe5 Kf8 22. d6 Bxd6 23. Qe6 Nc8 24. Bxf6 1-0

[Event "XXIV Open"]
[Site "Cappelle La Grande FRA"]
[Date "2008.02.16"]
[Round "1"]
[White "Woolley,J"]
[Black "Grabinsky,V"]
[Result "0-1"]
[WhiteElo "2098"]
[BlackElo "2295"]
[EventDate "2008.02.16"]

1. e4 c5 2. Nf3 e6 3. Nc3 a6 4. g3 Nc6 5. Bg2 Nf6 6. d4 cxd4 7. Nxd4 Qc7 8.
O-O Be7 9. Re1 O-O 10. Nxc6 dxc6 11. e5 Rd8 12. Qe2 Nd5 13. Bd2 b5 14. Ne4
Qxe5 15. c4 bxc4 16. Qxc4 Qxb2 17. Ba5 Rf8 18. Rab1 Qa3 19. Bd2 Rd8 20.
Red1 Bd7 21. Rb3 Qxa2 22. Bc3 Rab8 23. Nd2 Qc2 24. Rdb1 0-1

[Event "XXIV Open"]
[Site "Cappelle La Grande FRA"]
[Date "2008.02.16"]
[Round "1"]
[White "Cieza,A"]
[Black "Bier,A"]
[Result "1-0"]
[WhiteElo "2294"]
[BlackElo "2097"]
[EventDate "2008.02.16"]

1. e4 c6 2. d4 d5 3. exd5 cxd5 4. Nf3 Bg4 5. h3 Bh5 6. g4 Bg6 7. Ne5 Nc6 8.
Bb5 Qb6 9. Nc3 e6 10. h4 f6 11. Nxg6 hxg6 12. Qe2 Kf7 13. Bxc6 bxc6 14. Qd3
Bd6 15. Be3 Ne7 16. b3 Bb4 17. a3 Bxc3+ 18. Qxc3 Nc8 19. f3 Nd6 20. a4 Rae8
21. O-O-O Nb7 22. Rh3 Rc8 23. h5 g5 24. Qd3 Rh6 25. f4 c5 26. fxg5 c4 27.
bxc4 dxc4 28. Qa3 Rhh8 29. d5 Qc7 30. g6+ Ke8 31. dxe6 Rd8 32. Rhh1 c3 33.
Qb4 Nd6 34. Rd3 Rb8 35. Qxd6 Rb1+ 36. Kxb1 Qb7+ 37. Bb6 1-0

[Event "XXIV Open"]
[Site "Cappelle La Grande FRA"]
[Date "2008.02.16"]
[Round "1"]
[White "Delekta,P"]
[Black "Lalau,A"]
[Result "1-0"]
[WhiteElo "2291"]
[BlackElo "2096"]
[EventDate "2008.02.16"]

1. e4 c5 2. Nf3 e6 3. c3 Nf6 4. e5 Nd5 5. d4 cxd4 6. cxd4 d6 7. Nc3 Nxc3 8.
bxc3 Qc7 9. Bb2 Nd7 10. exd6 Bxd6 11. Bd3 Nf6 12. O-O O-O 13. c4 b6 14. Re1
Bb7 15. Ne5 Bxe5 16. Rxe5 Rad8 17. Qe2 h6 18. Re1 Qd6 19. Re3 Qf4 20. Rg3
Kh8 21. d5 exd5 22. Be5 Qh4 23. Rh3 1-0

[Event "XXIV Open"]
[Site "Cappelle La Grande FRA"]
[Date "2008.02.16"]
[Round "1"]
[White "Miedema,R"]
[Black "Przymusinski,N"]
[Result "1-0"]
[WhiteElo "2287"]
[BlackElo "2088"]
[EventDate "2008.02.16"]

1. d4 Nf6 2. c4 c5 3. d5 b5 4. cxb5 a6 5. bxa6 g6 6. Nc3 Bxa6 7. Nf3 Bg7 8.
e4 Bxf1 9. Kxf1 d6 10. g3 O-O 11. Kg2 Nbd7 12. Re1 Ra6 13. e5 dxe5 14. Nxe5
Nxe5 15. Rxe5 Rd6 16. Qf3 Nd7 17. Re2 Nb6 18. Bg5 Re8 19. Rae1 f6 20. Be3
Nxd5 21. Bxc5 Nxc3 22. Qxc3 Rd7 23. Qc4+ Kh8 24. Re6 Qc7 25. b4 Bf8 26.
Rxf6 exf6 27. Rxe8 Qc6+ 28. Kh3 1-0

[Event "XXIV Open"]
[Site "Cappelle La Grande FRA"]
[Date "2008.02.16"]
[Round "1"]
[White "Meurs,T"]
[Black "Paulet,I"]
[Result "0-1"]
[WhiteElo "2087"]
[BlackElo "2285"]
[EventDate "2008.02.16"]

1. e4 c5 2. Nf3 d6 3. d4 cxd4 4. Nxd4 Nf6 5. Nc3 a6 6. Bg5 e6 7. f4 Qb6 8.
Qd2 Nc6 9. Nb3 Be7 10. O-O-O O-O 11. Bd3 Qc7 12. Rdg1 b5 13. g4 b4 14. Ne2
a5 15. Nbd4 Bb7 16. Nf3 a4 17. Kb1 b3 18. a3 bxc2+ 19. Qxc2 Rfc8 20. Rg3
Qb8 21. Nc3 Na5 22. Rh3 h6 23. Bh4 Nxe4 24. Bxe4 Bxe4 25. Qxe4 Rxc3 26.
Bxe7 Nc4 27. b4 Rxf3 0-1

[Event "XXIV Open"]
[Site "Cappelle La Grande FRA"]
[Date "2008.02.16"]
[Round "1"]
[White "Forsaa,E"]
[Black "Szylar,E"]
[Result "1-0"]
[WhiteElo "2285"]
[BlackElo "2087"]
[EventDate "2008.02.16"]

1. e4 c5 2. Nf3 d6 3. d4 cxd4 4. Nxd4 Nf6 5. Nc3 g6 6. Be3 Bg7 7. f3 Nc6 8.
Qd2 O-O 9. O-O-O d5 10. Kb1 e6 11. g4 Nxd4 12. Bxd4 dxe4 13. g5 Nh5 14.
fxe4 Qxd4 15. Qxd4 Bxd4 16. Rxd4 b6 17. Be2 Nf4 18. e5 Nxe2 19. Nxe2 Bb7
20. Re1 Bf3 21. Nc3 Rfd8 22. Nb5 Rd5 23. c4 Rxd4 24. Nxd4 Bg2 25. Nb5 Rc8
26. Nd6 Rc7 27. b4 Kf8 28. Kb2 a5 29. bxa5 bxa5 30. Kc3 Bc6 31. Rb1 Kg7 32.
Kd4 Bd7 33. a3 Ba4 34. Rb7 1-0

[Event "XXIV Open"]
[Site "Cappelle La Grande FRA"]
[Date "2008.02.16"]
[Round "1"]
[White "Adamowicz,K"]
[Black "Dubois,JM"]
[Result "1-0"]
[WhiteElo "2079"]
[BlackElo "2280"]
[EventDate "2008.02.16"]

1. e4 Nf6 2. e5 Nd5 3. d4 d6 4. exd6 cxd6 5. Bc4 Nb6 6. Bb3 g6 7. Nf3 Bg7
8. O-O O-O 9. c3 Nc6 10. Bg5 h6 11. Bh4 Qc7 12. a4 e5 13. dxe5 dxe5 14.
Nbd2 Na5 15. Ba2 Bf5 16. Re1 Rae8 17. Ne4 g5 18. Bg3 Rd8 19. Qe2 Nc6 20. b4
Nd5 21. b5 Nce7 22. Nxe5 Nf4 23. Bxf4 gxf4 24. Ng4 Ng6 25. Ngf6+ Kh8 26.
Qh5 Qc8 27. Rad1 Rxd1 28. Rxd1 Bxe4 29. Nxe4 Ne5 30. h3 f5 31. Nd6 Qxc3 32.
Nxf5 Rf6 33. Kh2 f3 34. Rd8+ Kh7 35. Bg8+ Kh8 36. Bd5+ Kh7 37. Nd6 Rxd6 38.
Rxd6 Qc7 39. Qf5+ Kh8 40. Be4 Ng4+ 41. hxg4 Qxd6+ 42. g3 1-0

[Event "XXIV Open"]
[Site "Cappelle La Grande FRA"]
[Date "2008.02.16"]
[Round "1"]
[White "Ait Chaouche,S"]
[Black "Schuurman,P"]
[Result "0-1"]
[WhiteElo "2073"]
[BlackElo "2271"]
[EventDate "2008.02.16"]

1. e4 c6 2. d4 d5 3. f3 e6 4. e5 c5 5. c3 Nc6 6. f4 Qb6 7. Nf3 Nh6 8. Qb3
cxd4 9. Qxb6 axb6 10. cxd4 Nf5 11. Bb5 Bd7 12. Bxc6 bxc6 13. g4 Ne7 14. h3
h5 15. Rh2 c5 16. Be3 hxg4 17. hxg4 Rxh2 18. Nxh2 Nc6 19. dxc5 bxc5 20. Na3
Rb8 21. O-O-O Nb4 22. Kb1 Ba4 23. Rh1 Bc6 24. Rf1 Nd3 25. Bc1 c4 26. Nc2
Nxb2 0-1

[Event "XXIV Open"]
[Site "Cappelle La Grande FRA"]
[Date "2008.02.16"]
[Round "1"]
[White "Hrabinska,M"]
[Black "Sobry,S"]
[Result "1-0"]
[WhiteElo "2263"]
[BlackElo "2069"]
[EventDate "2008.02.16"]

1. e4 c5 2. b4 cxb4 3. a3 e6 4. axb4 Bxb4 5. c3 Be7 6. d4 d6 7. Bd3 Nf6 8.
Ne2 O-O 9. f4 Nfd7 10. O-O f5 11. Qb3 Kh8 12. Nd2 Nf6 13. e5 dxe5 14. fxe5
Nd5 15. Nf3 g5 16. c4 Nc7 17. Bb2 g4 18. Ne1 Bg5 19. Nc2 f4 20. Be4 Nd7 21.
h3 h5 22. Ba3 Rf7 23. hxg4 hxg4 24. Ne3 f3 25. Nxg4 fxe2 26. Rxf7 Kg8 27.
Qh3 Bh4 28. Nh6+ 1-0

[Event "XXIV Open"]
[Site "Cappelle La Grande FRA"]
[Date "2008.02.16"]
[Round "1"]
[White "Ruckschloss,K"]
[Black "Becuwe,O"]
[Result "1/2-1/2"]
[WhiteElo "2260"]
[BlackElo "2060"]
[EventDate "2008.02.16"]

1. c4 Nf6 2. d4 g6 3. Nc3 Bg7 4. e4 d6 5. Be2 O-O 6. h4 c5 7. d5 h5 8. Nh3
e6 9. dxe6 Bxe6 10. Ng5 Re8 11. Bf4 Nc6 12. Qxd6 Qb6 13. Qd2 Rad8 14. Qc1
Nd4 15. Nxe6 Nxe2 16. Nxe2 Qxe6 17. O-O Nxe4 18. Be3 Qf6 19. Rb1 Qxh4 20.
g3 Qg4 21. Re1 Nd2 22. Bxd2 Rxe2 23. Be3 Bd4 24. Bxd4 Rxd4 25. b3 Rdd2 26.
Qc3 Qd4 27. Qxd4 cxd4 28. Rxe2 Rxe2 29. Rd1 Rxa2 30. Rxd4 1/2-1/2

[Event "XXIV Open"]
[Site "Cappelle La Grande FRA"]
[Date "2008.02.16"]
[Round "1"]
[White "Lallemand,R"]
[Black "Foisor,M"]
[Result "1-0"]
[WhiteElo "2246"]
[BlackElo "2043"]
[EventDate "2008.02.16"]

1. e4 e6 2. d4 d5 3. Nc3 Bb4 4. exd5 exd5 5. Bd3 Nc6 6. a3 Bxc3+ 7. bxc3
Nge7 8. Qh5 Be6 9. Rb1 Qc8 10. h3 Bf5 11. Ne2 O-O 12. O-O b6 13. Ng3 Bg6
14. Qf3 Qd7 15. h4 h6 16. Ne2 Na5 17. Nf4 Bxd3 18. cxd3 c5 19. dxc5 bxc5
20. Qg3 Qc6 21. Nh5 Qg6 22. Qxg6 fxg6 23. Nf4 Rab8 24. Be3 Nb3 25. Ne6 Rfc8
26. Nxc5 Nxc5 27. Rxb8 Rxb8 28. Bxc5 Nc6 29. Re1 Kf7 30. d4 Rb3 31. Re3
Rb1+ 32. Kh2 Rc1 33. Kg3 a5 34. Kg4 Rc2 35. Rf3+ Ke6 36. h5 gxh5+ 37. Kxh5
a4 38. Kg6 Na5 39. Kxg7 Nc4 40. Kxh6 Ra2 41. g4 Nxa3 42. g5 Ra1 43. Bxa3
1-0

[Event "XXIV Open"]
[Site "Cappelle La Grande FRA"]
[Date "2008.02.16"]
[Round "1"]
[White "Le Gallo,F"]
[Black "Rogule,L"]
[Result "0-1"]
[WhiteElo "2034"]
[BlackElo "2241"]
[EventDate "2008.02.16"]

1. e4 c5 2. Nf3 d6 3. d4 cxd4 4. Nxd4 Nf6 5. Nc3 a6 6. Bc4 e6 7. Bb3 Be7 8.
O-O O-O 9. a4 Nc6 10. Re1 Qa5 11. Re3 Nxd4 12. Qxd4 d5 13. Rg3 Nh5 14. Bh6
Bf6 15. e5 Nxg3 16. exf6 Qxc3 17. fxg7 Re8 18. Qg4 Qxb2 19. Re1 Qc3 20. Qd1
Nf5 21. Bd2 Qf6 22. Bxd5 Bd7 23. Bxb7 Ra7 24. Qf3 Bxa4 25. Be3 Qc3 26. Rf1
Rxb7 27. Qxb7 Bb5 28. Rd1 Nxe3 29. fxe3 Qxc2 30. Rd4 Bc6 31. Rd2 Qxd2 32.
Qxc6 Qe1+ 0-1

[Event "XXIV Open"]
[Site "Cappelle La Grande FRA"]
[Date "2008.02.16"]
[Round "1"]
[White "Gardin,E"]
[Black "Piot,O"]
[Result "0-1"]
[WhiteElo "2029"]
[BlackElo "2234"]
[EventDate "2008.02.16"]

1. Nf3 g6 2. c4 Bg7 3. g3 c5 4. Bg2 Nc6 5. O-O Nh6 6. Nc3 Nf5 7. e3 e6 8.
Ne1 a6 9. b3 Rb8 10. Bb2 O-O 11. Qe2 d5 12. Na4 Bxb2 13. Nxb2 b6 14. d3 Bb7
15. Nc2 Ba8 16. Na4 Qd6 17. Nc3 Nce7 18. Rfd1 Qe5 19. Qe1 Rfd8 20. Ne2 dxc4
21. bxc4 Bxg2 22. Kxg2 Rxd3 0-1

[Event "XXIV Open"]
[Site "Cappelle La Grande FRA"]
[Date "2008.02.16"]
[Round "1"]
[White "Medghoul,S"]
[Black "Angermuende,D"]
[Result "1-0"]
[WhiteElo "2231"]
[BlackElo "2029"]
[EventDate "2008.02.16"]

1. d4 e6 2. e4 d5 3. Nd2 Nf6 4. e5 Nfd7 5. Bd3 c5 6. c3 Nc6 7. Ne2 cxd4 8.
cxd4 Qb6 9. Nf3 f6 10. exf6 Nxf6 11. O-O Bd6 12. b3 O-O 13. Bb2 Ng4 14. Ng3
h6 15. Bc2 Bd7 16. Nh4 Nf6 17. Ng6 Rfc8 18. Ne5 Be8 19. Ng4 Qd8 20. Ne5 Qb6
21. a3 Ne7 22. Rc1 Rc7 23. Kh1 Rac8 24. f4 Bb5 25. Re1 Qa5 26. b4 Bxb4 27.
axb4 Qxb4 28. Bb3 a5 29. Rb1 a4 30. Ba2 Rc2 31. Ba1 Qa3 32. Bc4 R2xc4 33.
Nxc4 Bxc4 34. Rxb7 Bb3 35. Qd2 Rc2 36. Qe3 Rc6 37. Bc3 Bc2 38. Bb4 Qxe3 39.
Rxe3 Be4 40. h3 Rc1+ 41. Re1 Rxe1+ 42. Bxe1 Nf5 43. Nxf5 exf5 44. Bb4 Bc2
45. Bd6 Ne4 46. Be5 g5 47. Rg7+ Kf8 48. Rh7 gxf4 49. Bxf4 Kg8 50. Rxh6 Bb3
51. Ra6 Nf2+ 52. Kg1 Nd3 53. Bd6 Ne1 54. Kf2 Nc2 55. Bc5 a3 56. Bxa3 Nxd4
57. Bb2 Nb5 58. Rb6 Bc4 59. Ke3 Kh7 60. h4 Kg8 61. Rf6 Nc3 1-0

[Event "XXIV Open"]
[Site "Cappelle La Grande FRA"]
[Date "2008.02.16"]
[Round "1"]
[White "Allentin,E"]
[Black "Kostiuk,T"]
[Result "1/2-1/2"]
[WhiteElo "2026"]
[BlackElo "2227"]
[EventDate "2008.02.16"]

1. e4 Nf6 2. e5 Nd5 3. Nf3 d6 4. d4 Nc6 5. Bb5 Bd7 6. O-O e6 7. exd6 Bxd6
8. c3 O-O 9. Bg5 Be7 10. Bxe7 Ncxe7 11. Bxd7 Qxd7 12. Nbd2 Nf6 13. Re1 Rac8
14. Ne5 Qd5 15. Qa4 a6 16. Ndf3 c5 17. dxc5 Qxc5 18. Rad1 Rfd8 19. h3 h6
20. Qb3 Rxd1 21. Rxd1 Qc7 22. Rd4 Ned5 23. Rc4 Qb8 24. Rxc8+ Qxc8 25. c4
Ne7 26. Qb6 Nd7 27. Nxd7 Qxd7 28. b3 1/2-1/2

[Event "XXIV Open"]
[Site "Cappelle La Grande FRA"]
[Date "2008.02.16"]
[Round "1"]
[White "Carton,C"]
[Black "Manet,E"]
[Result "1-0"]
[WhiteElo "2221"]
[BlackElo "2023"]
[EventDate "2008.02.16"]

1. e4 c5 2. Nf3 d6 3. d4 cxd4 4. Nxd4 Nf6 5. Nc3 a6 6. Be3 e5 7. Nb3 Be6 8.
Be2 Be7 9. f4 exf4 10. Bxf4 Nc6 11. O-O O-O 12. a4 Ne5 13. Kh1 Rc8 14. Nd4
Bc4 15. Nf5 Bxe2 16. Qxe2 h6 17. Bg3 Kh7 18. Bh4 Ng8 19. Bg3 g6 20. Rad1
Qe8 21. Nxd6 Bxd6 22. Rxd6 Nc4 23. Rd4 Nxb2 24. Nd5 Qc6 25. a5 Nc4 26. Ne3
Nxe3 27. Qxe3 Qe6 28. Qb3 Qxb3 29. cxb3 g5 30. Rd7 Kg6 31. Rxb7 Rc6 32. e5
h5 33. h4 Nh6 34. Rd1 Nf5 35. Kh2 gxh4 36. Bf4 Re6 37. Rdd7 f6 38. Rb6 Rfe8
39. exf6 Rxf6 40. Ra7 Ree6 41. Raxa6 1-0

[Event "XXIV Open"]
[Site "Cappelle La Grande FRA"]
[Date "2008.02.16"]
[Round "1"]
[White "Lombart,P"]
[Black "Hoolt,S"]
[Result "0-1"]
[WhiteElo "2021"]
[BlackElo "2220"]
[EventDate "2008.02.16"]

1. d4 Nf6 2. c4 g6 3. Nc3 Bg7 4. g3 O-O 5. Bg2 d6 6. Nf3 Nbd7 7. h3 e5 8.
Be3 a6 9. O-O exd4 10. Bxd4 Re8 11. Qc2 Qe7 12. Rfe1 Ne5 13. Bxe5 dxe5 14.
e4 c6 15. Rad1 Nd7 16. a3 b5 17. cxb5 axb5 18. Na2 Bb7 19. Nb4 Rac8 20. Qd2
Nb6 21. Qd6 Qxd6 22. Rxd6 Bf8 23. Rdd1 Nc4 24. Rd7 Ba8 25. Ng5 Be7 26. h4
Nxb2 27. Bh3 Rcd8 28. Rc1 Nc4 29. Rc7 h6 30. Nf3 c5 31. Nd5 Bxd5 32. exd5
e4 33. Ne1 Bd6 34. Ra7 Ra8 35. Rd7 Bf8 36. Rb7 Nxa3 37. Nc2 Nxc2 38. Rxc2
b4 39. Bf1 Reb8 40. Rxb8 Rxb8 41. Rb2 Bg7 42. Rb3 Bd4 43. Kg2 Ra8 44. Be2
Kf8 45. g4 Ke7 46. f3 Ra2 47. Kf1 Ra1+ 48. Kg2 Rg1+ 49. Kh2 Re1 50. Bc4 e3
0-1

[Event "XXIV Open"]
[Site "Cappelle La Grande FRA"]
[Date "2008.02.16"]
[Round "1"]
[White "Bruned,B"]
[Black "Reyniers,P"]
[Result "1-0"]
[WhiteElo "2217"]
[BlackElo "2018"]
[EventDate "2008.02.16"]

1. e4 c5 2. Nf3 d6 3. d4 cxd4 4. Nxd4 Nf6 5. Nc3 a6 6. Bg5 e6 7. f4 Nc6 8.
e5 h6 9. Bh4 g5 10. fxg5 Nd5 11. Nxd5 exd5 12. Nxc6 bxc6 13. exd6 Bxd6 14.
Qh5 Qb6 15. Be2 Ra7 16. g6 Qe3 17. Bf2 Bb4+ 18. c3 Bxc3+ 19. Kf1 Qf4 20.
bxc3 Re7 21. Qf3 Qxf3 22. Bxf3 fxg6 23. Bc5 Rf7 24. Re1+ 1-0

[Event "XXIV Open"]
[Site "Cappelle La Grande FRA"]
[Date "2008.02.16"]
[Round "1"]
[White "Baba,M"]
[Black "Kurihara,T"]
[Result "1-0"]
[WhiteElo "2213"]
[BlackElo "2011"]
[EventDate "2008.02.16"]

1. e4 e6 2. d4 d5 3. Nd2 c5 4. Ngf3 cxd4 5. Nxd4 Nf6 6. e5 Nfd7 7. f4 Nc6
8. N2f3 Be7 9. c3 h5 10. Bd3 h4 11. O-O h3 12. g3 Nc5 13. Bc2 Bd7 14. Qe2
Qb6 15. Be3 Qxb2 16. Nb5 Ne4 17. Nc7+ Kd8 18. Nxa8 Nxc3 19. Qf2 Qa3 20. Ng5
Be8 21. Rfe1 Kc8 22. f5 Nxe5 23. Bc1 Qc5 24. Rxe5 Qxf2+ 25. Kxf2 Bf6 26.
Bf4 Kb8 27. fxe6 fxe6 28. Nxe6 g5 29. Rxg5+ Kc8 30. Re1 1-0

[Event "XXIV Open"]
[Site "Cappelle La Grande FRA"]
[Date "2008.02.16"]
[Round "1"]
[White "Scetinin,A"]
[Black "Mataigne,J"]
[Result "1-0"]
[WhiteElo "2208"]
[BlackElo "2010"]
[EventDate "2008.02.16"]

1. e4 d6 2. d4 Nf6 3. Nc3 g6 4. Be2 Bg7 5. Be3 a6 6. f4 O-O 7. e5 Nfd7 8.
Nf3 c5 9. exd6 exd6 10. O-O Re8 11. Bf2 cxd4 12. Bxd4 Bxd4+ 13. Qxd4 Nc6
14. Qxd6 Qb6+ 15. Kh1 Qxb2 16. Qd2 Nf6 17. Rab1 Qa3 18. Bc4 Be6 19. Bxe6
Rxe6 20. f5 Rd6 21. Qf4 Rad8 22. Rb3 Qc5 23. fxg6 hxg6 24. Ng5 R8d7 25.
Nce4 Nxe4 26. Nxe4 Rd4 27. Qf3 Rxe4 28. Qxe4 Ne5 29. Rh3 Qf2 30. Re1 Rd2
31. Rg3 Nf3 32. Rxg6+ Kh7 33. Rg3+ Kh6 34. Qf4+ Kh5 35. Re5+ Nxe5 36. Qg5+
1-0

[Event "XXIV Open"]
[Site "Cappelle La Grande FRA"]
[Date "2008.02.16"]
[Round "1"]
[White "Barbaut,M"]
[Black "Karlovich,A"]
[Result "0-1"]
[WhiteElo "1995"]
[BlackElo "2198"]
[EventDate "2008.02.16"]

1. e4 e5 2. Bc4 Bc5 3. Nf3 Nc6 4. O-O Nf6 5. d4 exd4 6. e5 d5 7. exf6 dxc4
8. fxg7 Rg8 9. Bg5 f6 10. Re1+ Kf7 11. Nh4 fxg5 12. Nd2 Kxg7 13. Ne4 gxh4
14. Nxc5 Qd5 0-1

[Event "XXIV Open"]
[Site "Cappelle La Grande FRA"]
[Date "2008.02.16"]
[Round "1"]
[White "Kienitz,A"]
[Black "Gaignierre,G"]
[Result "1-0"]
[WhiteElo "2193"]
[BlackElo "1994"]
[EventDate "2008.02.16"]

1. e4 e6 2. d4 d5 3. Nd2 dxe4 4. Nxe4 Nd7 5. Nf3 Ngf6 6. Nxf6+ Nxf6 7. c3
Be7 8. Bd3 a6 9. O-O b5 10. a4 bxa4 11. Qxa4+ Bd7 12. Qb3 a5 13. Ne5 O-O
14. Bg5 Nd5 15. Bxe7 Qxe7 16. Qa3 Rfd8 17. Be4 Qxa3 18. Rxa3 Rab8 19. Rxa5
Nf6 20. Bc6 h6 21. Bxd7 Nxd7 22. Nc6 Ra8 23. Rfa1 Rxa5 24. Rxa5 Re8 25. Ra7
Nb6 26. Rxc7 Ra8 27. g3 Ra2 28. Ne5 Rxb2 29. Rxf7 Rc2 30. Rb7 Nd5 31. c4
Nc3 32. Rd7 Nd1 33. c5 Nxf2 34. c6 Ne4 35. Rd8+ Kh7 36. Re8 Nc5 37. c7 1-0

[Event "XXIV Open"]
[Site "Cappelle La Grande FRA"]
[Date "2008.02.16"]
[Round "1"]
[White "Diogo,A"]
[Black "Lebret,JM"]
[Result "0-1"]
[WhiteElo "1992"]
[BlackElo "2187"]
[EventDate "2008.02.16"]

1. e4 c5 2. Nc3 Nc6 3. f4 d6 4. Nf3 g6 5. Bb5 Bg7 6. O-O e6 7. d3 Nge7 8.
Qe1 O-O 9. Rb1 Qa5 10. Bxc6 Nxc6 11. a3 b5 12. Bd2 Qb6 13. Ne2 Bd7 14. Qh4
f5 15. Bc3 e5 16. exf5 Bxf5 17. Kh1 c4 18. Rbd1 cxd3 19. Ng3 dxc2 20. Rxd6
Qc7 21. Rd2 Rad8 22. Nxf5 Rxf5 23. Rxc2 Rxf4 24. Qe1 Nd4 25. Rcf2 Nxf3 26.
Rxf3 Rxf3 27. Rxf3 e4 28. Ba5 Qxa5 0-1

[Event "XXIV Open"]
[Site "Cappelle La Grande FRA"]
[Date "2008.02.16"]
[Round "1"]
[White "Mandon,F"]
[Black "Plug,A"]
[Result "1-0"]
[WhiteElo "2186"]
[BlackElo "1992"]
[EventDate "2008.02.16"]

1. e4 e6 2. d4 d5 3. Nc3 h6 4. e5 c5 5. f4 Nc6 6. Nf3 Bd7 7. Ne2 Qb6 8. c3
Rc8 9. a3 cxd4 10. Nexd4 Na5 11. Bd3 Ne7 12. O-O Nf5 13. Kh1 Nxd4 14. Nxd4
Bc5 15. b4 1-0

[Event "XXIV Open"]
[Site "Cappelle La Grande FRA"]
[Date "2008.02.16"]
[Round "1"]
[White "Renard,S"]
[Black "Nanjo,R"]
[Result "0-1"]
[WhiteElo "1971"]
[BlackElo "2177"]
[EventDate "2008.02.16"]

1. f4 d6 2. Nf3 Bg4 3. e4 e6 4. d4 Nf6 5. Bd3 d5 6. e5 Nfd7 7. c3 g6 8. Be3
c5 9. dxc5 Nxc5 10. Bxc5 Bxc5 11. h3 Bxf3 12. Qxf3 Nc6 13. Nd2 h5 14. h4
Be7 15. g3 Qb6 16. b4 a5 17. b5 Nb8 18. a4 Nd7 19. Nb3 Rc8 20. Rc1 Nc5 21.
Qe3 Nxd3+ 22. Qxd3 Rc4 23. Ra1 Rxc3 24. Qxc3 Bb4 25. Qxb4 Qe3+ 26. Kf1 axb4
0-1

[Event "XXIV Open"]
[Site "Cappelle La Grande FRA"]
[Date "2008.02.16"]
[Round "1"]
[White "Denivet,A"]
[Black "Souevamanien,P"]
[Result "0-1"]
[WhiteElo "1950"]
[BlackElo "2148"]
[EventDate "2008.02.16"]

1. e4 g6 2. d4 Bg7 3. Nf3 c5 4. dxc5 Qa5+ 5. Nc3 Nf6 6. e5 Ng4 7. Qd4 d6 8.
Bb5+ Nc6 9. cxd6 O-O 10. Bxc6 bxc6 11. d7 Nxe5 12. Nxe5 Bxe5 13. dxc8=Q
Bxd4 14. Qh3 Qe5+ 15. Be3 Bxc3+ 16. bxc3 Qxc3+ 17. Ke2 Qc4+ 18. Kf3 f5 19.
Qg3 f4 20. Bxf4 e5 21. Kg4 Rxf4+ 22. Kg5 Rf5+ 0-1

[Event "XXIV Open"]
[Site "Cappelle La Grande FRA"]
[Date "2008.02.16"]
[Round "1"]
[White "Paleologu,V"]
[Black "Freialdenhoven,M"]
[Result "1-0"]
[WhiteElo "2147"]
[BlackElo "1949"]
[EventDate "2008.02.16"]

1. e4 c5 2. Nf3 Nc6 3. d4 cxd4 4. Nxd4 g6 5. Nc3 Bg7 6. Be3 Nf6 7. Bc4 O-O
8. Bb3 Ng4 9. Qxg4 Nxd4 10. Qd1 Nxb3 11. axb3 a6 12. Bd4 e5 13. Bc5 Re8 14.
Nd5 Re6 15. Qd3 Rb8 16. Ba7 Ra8 17. Qe3 b5 18. Bb6 Rxb6 19. Qxb6 Qh4 20.
O-O Qxe4 21. Qd8+ 1-0

[Event "XXIV Open"]
[Site "Cappelle La Grande FRA"]
[Date "2008.02.16"]
[Round "1"]
[White "Kocur,M"]
[Black "Friesen,Bo"]
[Result "0-1"]
[WhiteElo "1930"]
[BlackElo "2135"]
[EventDate "2008.02.16"]

1. e4 e6 2. d4 d5 3. exd5 exd5 4. Nf3 Bd6 5. c4 c6 6. Bg5 Nf6 7. Nc3 O-O 8.
cxd5 h6 9. Bh4 Qe8+ 10. Be2 Nxd5 11. Nxd5 cxd5 12. Qb3 Nc6 13. Kf1 Be6 14.
Bg3 Qb8 15. Bb5 Ne7 16. Bxd6 Qxd6 17. Ne5 Nf5 18. Nf3 Rac8 19. g3 Qb6 20.
Rd1 Nd6 21. Bd3 Bh3+ 22. Ke1 Qxb3 23. axb3 Bg2 0-1

[Event "XXIV Open"]
[Site "Cappelle La Grande FRA"]
[Date "2008.02.16"]
[Round "1"]
[White "Mattheys,E"]
[Black "Roussel,C"]
[Result "0-1"]
[WhiteElo "1929"]
[BlackElo "2126"]
[EventDate "2008.02.16"]

1. d4 d5 2. c4 e6 3. Nc3 Nf6 4. Bg5 c6 5. e3 Nbd7 6. Nf3 Bd6 7. cxd5 exd5
8. Be2 O-O 9. O-O Re8 10. Rc1 h6 11. Bh4 Nf8 12. Bg3 Bxg3 13. hxg3 Bf5 14.
Ne5 N8d7 15. g4 Bh7 16. f4 Nxe5 17. fxe5 Nd7 18. Bd3 Bxd3 19. Qxd3 Qg5 20.
Qe2 f6 21. Qf3 Re7 22. Nxd5 cxd5 23. Qxd5+ Kh7 24. Rc7 Qxe3+ 25. Kh1 Qe2
26. Rf3 Qe1+ 27. Kh2 Nxe5 28. dxe5 Rxc7 29. exf6 Qh4+ 0-1

[Event "XXIV Open"]
[Site "Cappelle La Grande FRA"]
[Date "2008.02.16"]
[Round "1"]
[White "Meskovs,N"]
[Black "Van Dijk,He"]
[Result "1-0"]
[WhiteElo "2124"]
[BlackElo "1927"]
[EventDate "2008.02.16"]

1. d4 d6 2. c4 e5 3. d5 f5 4. g3 Nf6 5. Bg2 Be7 6. Nf3 O-O 7. O-O Na6 8.
Nbd2 Nc5 9. b4 Nce4 10. Bb2 Bd7 11. Qb3 Qe8 12. a4 c5 13. dxc6 Bxc6 14.
Rfd1 Kh8 15. Nxe4 Bxe4 16. Rac1 Rc8 17. Ng5 Bxg2 18. Kxg2 Nd7 19. Nf3 Nf6
20. Kg1 Qg6 21. c5 Ne4 22. cxd6 Rxc1 23. Rxc1 Qxd6 24. Nxe5 h6 25. Nf7+ 1-0

[Event "XXIV Open"]
[Site "Cappelle La Grande FRA"]
[Date "2008.02.16"]
[Round "1"]
[White "Bruned,V"]
[Black "Gasior,J"]
[Result "1-0"]
[WhiteElo "1923"]
[BlackElo "2123"]
[EventDate "2008.02.16"]

1. e4 c5 2. Nf3 d6 3. d4 cxd4 4. Nxd4 Nf6 5. Nc3 g6 6. Be3 Bg7 7. f3 O-O 8.
Qd2 Nc6 9. Bc4 Nd7 10. O-O-O Nb6 11. Bb3 Na5 12. Qd3 Bd7 13. Kb1 Rc8 14.
Nce2 Nac4 15. Bc1 a5 16. Bxc4 Rxc4 17. c3 Qc8 18. g4 d5 19. Ng3 Ba4 20. Nb3
d4 21. cxd4 Bb5 22. Qe3 a4 23. Na1 a3 24. Qxa3 Bxd4 25. Qxe7 Ra4 26. Nb3
Re8 27. Qg5 Bc4 28. Rxd4 Bxb3 29. Rxa4 Qc2+ 30. Ka1 Nxa4 31. Qf6 Ra8 32.
Bh6 1-0

[Event "XXIV Open"]
[Site "Cappelle La Grande FRA"]
[Date "2008.02.16"]
[Round "1"]
[White "Gorecka,J"]
[Black "Meunier,S"]
[Result "1-0"]
[WhiteElo "2117"]
[BlackElo "1921"]
[EventDate "2008.02.16"]

1. e4 c5 2. Nf3 Nc6 3. d4 cxd4 4. Nxd4 Nf6 5. Nc3 d6 6. Bg5 e6 7. Qd2 Be7
8. O-O-O O-O 9. f4 a6 10. Kb1 Qa5 11. Nxc6 bxc6 12. Nd5 Qd8 13. Nxe7+ Qxe7
14. e5 dxe5 15. fxe5 Ne4 16. Bxe7 1-0